[Event "PNWCC Online Masters"]
[Site "Chess.com INT"]
[Date "2020.05.23"]
[Round "1.9"]
[White "Predojevic, Borki"]
[Black "Zheng, Michael Zihan"]
[Result "1-0"]
[WhiteElo "2601"]
[BlackElo "2050"]
[PlyCount "99"]
[EventDate "2020.05.23"]
[EventType "swiss (rapid)"]
[EventRounds "9"]
[EventCountry "USA"]
[SourceTitle "CBM 196 Extra"]
[Source "ChessBase"]
[SourceDate "2020.07.31"]
[SourceVersion "1"]
[SourceVersionDate "2020.07.31"]
[SourceQuality "1"]

1. Nf3 c5 2. c4 Nf6 3. Nc3 d5 4. cxd5 Nxd5 5. e3 Nxc3 6. dxc3 Qxd1+ 7. Kxd1 Nc6 8. e4 Bg4 9. Kc2 e6 10. Bb5 Bxf3 11. Bxc6+ bxc6 12. gxf3 0-0-0 13. Be3 Kb7 14. Rad1 Be7 15. Kb3 Kb6 16. Kc4 e5 17. b4 g6 18. f4 f6 19. h4 exf4 20. bxc5+ Kb7 21. Bxf4 Rxd1 22. Rxd1 Rd8 23. Rb1+ Ka6 24. h5 g5 25. Be3 Rd7 26. Bd4 Rb7 27. Rb4 Rd7 28. Rb8 Rd8 29. Rb1 Rd7 30. f4 Rd8 31. fxg5 fxg5 32. Rf1 Rf8 33. Rxf8 Bxf8 34. e5 Kb7 35. e6 Be7 36. Be5 Kc8 37. Kd4 Kd8 38. c4 Ke8 39. Bd6 Bf6+ 40. Ke4 Be7 41. Kf5 Bd8 42. Be5 Be7 43. Bd4 Bd8 44. Be3 h6 45. Bd4 Be7 46. Kg6 Bf8 47. Be5 Ke7 48. Bd6+ Ke8 49. Kf6 a6 50. e7 1-0

[Event "PNWCC Online blitz JP 9th"]
[Site "Chess.com INT"]
[Date "2020.05.09"]
[Round "3"]
[White "Karthik, Dhruv"]
[Black "Zheng, Michael Zihan"]
[Result "0-1"]
[WhiteElo "1467"]
[BlackElo "2050"]
[PlyCount "70"]
[EventDate "2020.05.09"]
[EventType "swiss (blitz)"]
[EventRounds "11"]
[EventCountry "USA"]
[SourceTitle "CBM 196 Extra"]
[Source "ChessBase"]
[SourceDate "2020.07.31"]
[SourceVersion "1"]
[SourceVersionDate "2020.07.31"]
[SourceQuality "1"]

1. d4 Nf6 2. c4 g6 3. Nc3 d5 4. Nf3 Bg7 5. Bg5 Ne4 6. cxd5 Nxg5 7. Nxg5 e6 8. Qd2 exd5 9. Qe3+ Kf8 10. Qf4 Bf6 11. h4 h6 12. Nf3 Be6 13. e3 c6 14. Bd3 Nd7 15. Ke2 Qb8 16. Qxb8+ Rxb8 17. Rab1 Kg7 18. b4 Rhe8 19. a4 Bg4 20. b5 Bxd4 21. bxc6 bxc6 22. Rxb8 Nxb8 23. Kd2 Bf6 24. Rb1 Bxf3 25. gxf3 Bxh4 26. Nd1 c5 27. Rb7 c4 28. Bc2 Nc6 29. Rc7 Re6 30. f4 Bd8 31. Rd7 Ba5+ 32. Ke2 d4 33. f5 d3+ 34. Bxd3 cxd3+ 35. Rxd3 gxf5 0-1

[Event "PNWCC Online blitz JP 9th"]
[Site "Chess.com INT"]
[Date "2020.05.09"]
[Round "6"]
[White "Saravana, Krishnan P"]
[Black "Zheng, Michael Zihan"]
[Result "1-0"]
[WhiteElo "2312"]
[BlackElo "2050"]
[PlyCount "53"]
[EventDate "2020.05.09"]
[EventType "swiss (blitz)"]
[EventRounds "11"]
[EventCountry "USA"]
[SourceTitle "CBM 196 Extra"]
[Source "ChessBase"]
[SourceDate "2020.07.31"]
[SourceVersion "1"]
[SourceVersionDate "2020.07.31"]
[SourceQuality "1"]

1. e4 c5 2. Nf3 d6 3. Bc4 e6 4. 0-0 Nf6 5. Qe2 Be7 6. c3 0-0 7. Bb3 e5 8. d4 cxd4 9. cxd4 Bg4 10. Rd1 Nc6 11. dxe5 Nxe5 12. Nc3 Rc8 13. Bf4 Bxf3 14. gxf3 Qb6 15. Bg3 Rfd8 16. f4 Nc6 17. e5 dxe5 18. fxe5 Nd4 19. Rxd4 Qxd4 20. exf6 Bxf6 21. Rd1 Qb4 22. Nd5 Qf8 23. Nxf6+ gxf6 24. Kg2 Qg7 25. Rxd8+ Rxd8 26. Qe7 Qf8 27. Qxf6 1-0

[Event "PNWCC Online blitz JP 9th"]
[Site "Chess.com INT"]
[Date "2020.05.09"]
[Round "8"]
[White "Zheng, Michael Zihan"]
[Black "Tanenbaum, Zachary Chen"]
[Result "1/2-1/2"]
[WhiteElo "2050"]
[BlackElo "2137"]
[PlyCount "190"]
[EventDate "2020.05.09"]
[EventType "swiss (blitz)"]
[EventRounds "11"]
[EventCountry "USA"]
[SourceTitle "CBM 196 Extra"]
[Source "ChessBase"]
[SourceDate "2020.07.31"]
[SourceVersion "1"]
[SourceVersionDate "2020.07.31"]
[SourceQuality "1"]

1. e4 e5 2. Nf3 Nc6 3. Bb5 a6 4. Ba4 d6 5. c3 Nf6 6. d3 Be7 7. 0-0 0-0 8. Nbd2 b5 9. Bc2 Bb7 10. Re1 Re8 11. Nf1 Bf8 12. Ng3 Ne7 13. d4 Ng6 14. h3 h6 15. a4 Nf4 16. dxe5 dxe5 17. Qxd8 Raxd8 18. Nxe5 Nxg2 19. Kxg2 Rxe5 20. Bf4 Ree8 21. axb5 axb5 22. Ra7 Ba8 23. Rxc7 g5 24. Bc1 Bd6 25. Ra7 Bxg3 26. fxg3 Bxe4+ 27. Bxe4 Rxe4 28. Rxe4 Nxe4 29. Re7 f5 30. g4 Rd1 31. gxf5 Nd6 32. Rd7 Kf8 33. Be3 Ke8 34. Rh7 Nxf5 35. Bc5 Rd2+ 36. Kf3 Rxb2 37. Kg4 Nh4 38. Rxh6 Rg2+ 39. Kh5 Nf3 40. Rf6 Rg3 41. Rb6 Kf7 42. Rxb5 Nd2 43. Bf2 Rxh3+ 44. Kg4 Rxc3 45. Bd4 Rc4 46. Kxg5 Nf3+ 47. Kg4 Nxd4 48. Rb7+ Ke6 49. Kg3 Nf5+ 50. Kf3 Kf6 51. Rb6+ Kg5 52. Rb5 Rf4+ 53. Ke2 Kg4 54. Rb8 Rd4 55. Rg8+ Kf4 56. Rf8 Rd5 57. Kf2 Rd2+ 58. Ke1 Ra2 59. Kd1 Ke4 60. Re8+ Kd3 61. Rd8+ Nd4 62. Ke1 Ra6 63. Kf1 Ra2 64. Rd7 Ke3 65. Re7+ Kf4 66. Rf7+ Nf5 67. Ke1 Ke3 68. Kd1 Nd4 69. Re7+ Kd3 70. Ke1 Nf5 71. Rd7+ Ke3 72. Kd1 Nd4 73. Re7+ Kd3 74. Ke1 Ra6 75. Kf2 Rf6+ 76. Kg2 Nf5 77. Rd7+ Ke2 78. Ra7 Rg6+ 79. Kh3 Kf3 80. Ra3+ Ne3 81. Kh4 Rg1 82. Kh5 Kf4 83. Ra4+ Ke5 84. Ra5+ Nd5 85. Kh4 Ke4 86. Ra4+ Kf3 87. Ra3+ Ne3 88. Kh5 Kf4 89. Ra4+ Kf5 90. Ra5+ Kf6 91. Ra6+ Ke5 92. Ra5+ Nd5 93. Kh4 Kf4 94. Ra4+ Kf3 95. Ra3+ Ne3 1/2-1/2